Nghiên cứu chiết tách Tanin từ vỏ cây Keo Lai và thử nghiệm ảnh hưởng đến chất lượng da
Tổng quan về tanin: khái niệm, phân loại, tính chất, ứng dụng, tình hình nghiên cứu hiện nay. Tổng qua về cây keo lai. Tổng quan lý thuyết thuộc da.Nguyên liệu và phương pháp nghiên cứu: Kết quả và thảo luận
Zapisane w:
| 1. autor: | |
|---|---|
| Kolejni autorzy: | |
| Format: | Książka |
| Język: | Vietnamese |
| Wydane: |
Đại học Đà Nẵng
2011
|
| Seria: | Luận văn thạc sĩ. Chuyên ngành : Hóa hữu cơ
|
| Hasła przedmiotowe: | |
| Etykiety: |
Dodaj etykietę
Nie ma etykietki, Dołącz pierwszą etykiete!
|
| Thư viện lưu trữ: | Mạng thư viện Đại học Đà Nẵng |
|---|
| LEADER | 01289nam a2200313 4500 | ||
|---|---|---|---|
| 001 | 000011735 | ||
| 003 | 8006 | ||
| 005 | 20120208160200.0 | ||
| 008 | 120208s2011 viesd | ||
| 041 | |a vie | ||
| 072 | |a Luận văn thạc sĩ | ||
| 082 | |a 661 |b CH-D | ||
| 100 | |a Châu, Thị Diễm | ||
| 245 | |a Nghiên cứu chiết tách Tanin từ vỏ cây Keo Lai và thử nghiệm ảnh hưởng đến chất lượng da |c Châu, Thị Diễm | ||
| 260 | |a Đại học Đà Nẵng |c 2011 | ||
| 300 | |a 76 tr. |b hình mhọa |c 29 cm |e tóm tăt + đĩa CD | ||
| 490 | |a Luận văn thạc sĩ. Chuyên ngành : Hóa hữu cơ | ||
| 500 | |a Tham khảo tr 75 - 76 | ||
| 520 | |a Tổng quan về tanin: khái niệm, phân loại, tính chất, ứng dụng, tình hình nghiên cứu hiện nay. Tổng qua về cây keo lai. Tổng quan lý thuyết thuộc da.Nguyên liệu và phương pháp nghiên cứu: Kết quả và thảo luận | ||
| 653 | |a Luận văn thạc sĩ Khoa học | ||
| 700 | |a Lê, Tự Hải |c PGS.TS |e Hướng dẫn | ||
| OWN | |a LSP | ||
| 999 | |a From the UDN01 | ||
| TYP | |a Monograph | ||
| TYP | |a Printed language | ||
| 980 | |a Mạng thư viện Đại học Đà Nẵng | ||